000 00879nam a22002297a 4500
005 2011052506566.0
008 110525t xxu||||| |||| 00| 0 mar d
010 _aMAR-20893
020 _c150.00.
035 _aMR-13551
037 _bDBAD / PUB
040 _aDPL
_bMR
082 _a590
100 _aफाटक, मुकुन्द
_928233
245 _aजंगलकथा /
_cमुकुन्द फाटक
246 _aJangalkatha
_bby Mukund Fhatak
260 _aनागपूर
_bऋचा प्रकाशन
_c2010
270 _a9,गजानन नगर
_bनागपूर
_e-15
300 _aआठ,136पृ.
_c21 सेमी (अजिल्द)
942 _2ddc
_cMR
_mफाटक,
_h590
999 _c52599
_d52599